000 00327nam a22001457a 4500
008 210428b ||||| |||| 00| 0 eng d
020 _a9780321758927
041 _aeng
080 _27th
_a510
082 _a510
100 _a36
101 _aMAT
245 _aAlgebra for College Students
_cRobert Blitzer
942 _2udc
_cBK
999 _c56881
_d56881